Statistics for Interesting Facts Quiz #5

Click here to take the quiz!

General Stats

  • This quiz has been taken 8,060 times
  • The average score is 10 of 19

Answer Stats

Answer% Correct
Albert Einstein's {brain} was secretly removed by the doctor who performed his autopsy
95%
Arnold Schwarzenegger only had 17 lines of dialog in his most famous role: "{The} {Terminator}"
88%
To spawn, some {salmon} swim as far as 1400 kilometers upriver, all the way from the Pacific Ocean
to central Idaho
71%
More than half of unsheltered homeless people in the U.S. live in {California}
62%
The red and white striped {barber} pole initially stood for blood and bandages
60%
In 2010, someone bought a pizza using 10,000 in {Bitcoin} which, as of December 2020,
has a market value of over $200 million
58%
A single hunter is reported to haved killed over 3 million passenger {pigeons}, thus hastening
the extinction of the species
54%
Until 2002, it was possible that if the Prince of {Monaco} died without a male heir, {Monaco} would
become part of France
52%
The {millipede}, despite its name, don't have 1000 legs. But one species does have as many as 750.
52%
The number four is unlucky in China because it sounds like the word "{death}"
49%
To users in India, Google Maps draws {Kashmir} as part of India. To users in the rest of the world,
it accurately displays it as a disputed region.
48%
According to one royal chef, {Queen} {Elizabeth} enjoys four stiff alcoholic drinks every day
47%
{Goodbye} is a shortening of the phrase "god be with you"
45%
The {grapefruit} happened by accident when pomelos and oranges were planted near each other
43%
The {avocado} has such a large pit because it evolved to be eaten whole by large, now extinct,
creatures such as giant ground sloths
43%
As of August 2020, gold is worth more than twice as much as {platinum}
41%
Alexander Graham Bell invented the {metal} {detector} to help find the bullet that was trapped
in President James Garfield's body
34%
James Monroe was going to have a duel with Alexander Hamilton, but {Aaron} {Burr} intervened
34%
{Israel} is the only country in the developed world that has a birth rate above replacement levels
9%

Score Distribution

Percentile by Number Answered

Percent of People with Each Score

Your Score History

You have not taken this quiz